000 01978cam a2200385 a 4500
999 _c3767
_d3767
001 005496318
003 OSt
005 20241023090600.0
008 230530s2020 si d 000 1 eng d
020 _a9780702309519
040 _aNPUST
_beng
_cNPUST
_eAACR2
_dKH8
041 0 _aeng
042 _anbic
044 _asi
082 _aFIC COL
100 1 _aCollins, Suzanne,
_eauthor.
245 1 4 _aThe ballad of songbirds and snakes /
_cSuzanne Collins.
260 _aLondon :
_bScholastic ,
_c2021.
300 _a517 p. ;
_c21 cm.
336 _atext
_btxt
_2rdacontent.
337 _aunmediated
_bn
_2rdamedia.
338 _avolume
_bnc
_2rdacarrier.
490 1 _a[The Hunger Games]
520 _aIt is the morning of the reaping that will kick off the tenth annual Hunger Games. In the Capitol, eighteen-year- old Coriolanus Snow is preparing for his one shot at glory as a mentor in the Games. The once-mighty house of Snow has fallen on hard times, its fate hanging on the slender chance that Coriolanus will be able to outcharm, outwit, and outmaneuver his fellow students to mentor the winning tribute. The odds are against him. He's been given the humiliating assignment of mentoring the female tribute from District 12, the lowest of the low. Their fates are now completely intertwined, every choice Coriolanus makes could lead to favor or failure, triumph or ruin. Inside the arena, it will be a fight to the death. Outside the arena, Coriolanus starts to feel for his doomed tribute, and must weigh his need to follow the rules against his desire to survive no matter what it takes.
650 0 _aSurvival
_vJuvenile fiction.
650 0 _aContests
_vJuvenile fiction.
650 0 _aTelevision programs
_vJuvenile fiction.
650 0 _aTeenagers
_vJuvenile fiction.
650 0 _aScience fiction.
650 0 _aDystopian fiction.
655 0 _aYoung adult fiction.
655 1 _aScience fiction.
830 0 _a[The Hunger Games]
942 _2ddc
_cFIC